000 00307nam a2200145Ia 4500
100 _aBalachandran/S
942 _cBK
366 _f25
245 _aHow to improve trainer effectiveness
260 _bSPD
_c2008
082 _a658.3124
_bBAL
300 _a158
546 _aENGLISH
_cComputers
999 _c23036
_d23036